History of Heavyweight Boxing Champions (WBC) - Statistics

General Stats
  • This quiz has been taken 8 times
  • The average score is 57 of 154
Answer Stats
Answer % Correct
Muhammad Ali
100%
George Foreman
88%
Joe Frazier
88%
Mike Tyson
88%
Tyson Fury
88%
Vitali Klitschko
88%
Deontay Wilder
75%
Evander Holyfield
75%
Ken Norton
75%
Lennox Lewis
75%
Buster Douglas
63%
James Smith
63%
Kevin Johnson
63%
Larry Holmes
63%
Leon Spinks
63%
Michael Spinks
63%
Oleksandr Usyk
63%
Henry Cooper
50%
Leroy Jones
50%
Riddick Bowe
50%
Chuck Wepner
38%
Daniel Dubois
38%
Floyd Patterson
38%
Frank Bruno
38%
Gerry Cooney
38%
Joe Bugner
38%
Pinklon Thomas
38%
Sonny Liston
38%
Bermane Stiverne
25%
Carl Williams
25%
Cleveland Williams
25%
Danny Williams
25%
Derek Chisora
25%
Dillian Whyte
25%
Earnie Shavers
25%
Mike Weaver
25%
Shannon Briggs
25%
Tim Witherspoon
25%
Tony Tucker
25%
Andrew Golota
13%
Chris Arreola
13%
Corrie Sanders
13%
David Tua
13%
Dominic Breazeale
13%
Hasim Rahman
13%
Henry Akinwande
13%
James Toney
13%
Jean-Pierre Coopman
13%
Jimmy Ellis
13%
Jimmy Young
13%
Jose Roman
13%
Luis Ortiz
13%
Okello Peter
13%
Oleg Maskaev
13%
Oliver McCall
13%
Phil Jackson
13%
Renaldo Snipes
13%
Richard Dunn
13%
Ron Lyle
13%
Ron Stander
13%
Samuel Peter
13%
Scott Frank
13%
Tony Tubbs
13%
Trevor Berbick
13%
Tyrell Biggs
13%
Zora Folley
13%
Albert Sosnowski
0%
Alfredo Evangelista
0%
Artur Szpilka
0%
Bob Foster
0%
Brian London
0%
Eric Molina
0%
Ernie Terrell
0%
Francois Botha
0%
George Chuvalo
0%
Gerald Washington
0%
Greg Page
0%
Johann Duhaupas
0%
Juan Carlos Gómez
0%
Karl Mildenberger
0%
Lorenzo Zanon
0%
Lucien Rodriguez
0%
Manuel Charr
0%
Michael Grant
0%
Odlanier Solís
0%
Ossie Ocasio
0%
Randall Cobb
0%
Scott LeDoux
0%
Terry Daniels
0%
Tomasz Adamek
0%
Željko Mavrović
0%
No matching quizzes found
Score Distribution
Percent of People with Each Score
Percentile by Number Answered
Your Score History
You have not taken this quiz